000 00332nam a22001457a 4500
008 230329b ||||| |||| 00| 0 eng d
020 _a9780321202536
041 _aeng
080 _2TENTH EDITION
_a37
082 _a37LES
100 _a22
101 _aEDUKIM
245 _aWRITING RESEARCH PAPERS
_cLESTER.D.J
942 _2udc
_cBK
999 _c59476
_d59476